اخلاقيات النظام السياسي في السنة النبوية ومفارنة بالنظم السياسية الوضعية

Bibliographic Details
Main Author: محمدي، احمد سلمان (Author)
Format: Book
Language:Arabic
Published: عمان : دار غيداء للنشر 2020
Subjects:

MARC

LEADER 00000cam a2200000 7i4500
001 0000098511
005 20200910093000.0
008 200622s2020 jo ara
020 |a 9789957967734 
040 |a UniSZA   |e rda 
050 0 0 |a BP173.7   |b .M84 2020 
090 0 0 |a BP173.7   |b .M84 2020 
100 1 |a محمدي، احمد سلمان ,   |e author 
241 1 0 |a Akhlaqiyat al-nizam al-siyasi fi al-sunnah al-nabawiyah wa-muqaranatuhu bi-al-nizam al-siyasiyah al-wada`iyah 
245 1 0 |a اخلاقيات النظام السياسي في السنة النبوية ومفارنة بالنظم السياسية الوضعية   |c تاليف الدكتور احمد سلمان المحمدي 
264 1 |a عمان :   |b دار غيداء للنشر   |c 2020 
336 |a text  |2 rdacontent 
337 |a unmediated  |2 rdamedia 
338 |a volume  |2 rdacarrier 
504
650 0 |a Islam and state 
650 0 |a Political science 
999 |a 1000179646   |b Book   |c OPEN SHELF (30 DAYS)   |e Gong Badak Campus